| 000 | 00477nam a2200169Ia 4500 | ||
|---|---|---|---|
| 003 | GCL | ||
| 008 | 140319s9999 xx 000 0 eng d | ||
| 040 |
_aGCL / _cGCL |
||
| 082 | 0 | 4 |
_a199.51 _bG T |
| 100 | 1 | _aGILES, LIONEL | |
| 245 | 1 | 0 |
_aTHE SAYINGS OF CONFUCIUS: A NEW TRANSLATION OF THE GREATER PART OF CONFUCIAN ANALECTS / _cGILES, LIONEL |
| 260 |
_a[S.N] : _bJOHN RURRAY ، _c1949 |
||
| 300 | _a132 P | ||
| 650 | 0 | 4 | _aPHILOSOPHY |
| 650 | 0 | 4 | _aCONFUCIUS |
| 942 |
_2ddc _cBK |
||
| 999 |
_c19586 _d19586 |
||